[Event "Chessemy Open 2022"]
[Site "Reinstorf"]
[Date "2022.02.03"]
[Round "6.26"]
[White "Gressmann, Moritz"]
[Black "Mueller, Christian"]
[Result "1-0"]
[WhiteElo "2114"]
[BlackElo "2219"]
[Annotator "TA"]
[PlyCount "47"]
[EventDate "2022.01.29"]
[EventType "swiss"]
[EventCountry "GER"]
[SourceTitle "playchess.com"]
[Source "ChessBase"]
[SourceQuality "1"]

1. e4 c5 2. Nc3 e6 3. Nge2 Nc6 4. g3 g6 5. Bg2 Bg7 6. O-O Nge7 7. d3 d6 8. Be3 O-O 9. d4 cxd4 10. Nxd4 a6 11. a4 Qc7 12. Nce2 d5 13. Nxc6 bxc6 14. c3 a5 15. Bc5 Rd8 16. Qc1 Ba6 17. Re1 Rab8 18. Nd4 Nc8 19. e5 Bf8 20. Bxf8 Kxf8 21. Qh6+ Ke7 22. Bh3 c5 23. Nxe6 fxe6 24. Qxh7+ 1-0

[Event "Chessemy Open 2022"]
[Site "Reinstorf"]
[Date "2022.02.03"]
[Round "6.27"]
[White "Borkhardt, Arndt"]
[Black "Koellner, Christof"]
[Result "0-1"]
[WhiteElo "1940"]
[BlackElo "2122"]
[Annotator "TA"]
[PlyCount "94"]
[EventDate "2022.01.29"]
[EventType "swiss"]
[EventCountry "GER"]
[SourceTitle "playchess.com"]
[Source "ChessBase"]
[SourceQuality "1"]

1. e4 d6 2. d4 Nf6 3. Nc3 e5 4. Nf3 Nbd7 5. Bc4 Be7 6. O-O c6 7. a4 Qc7 8. Re1 h6 9. h3 Nf8 10. Qe2 g5 11. Ba2 Ng6 12. Qc4 Bd8 13. Be3 g4 14. hxg4 Nxg4 15. Rad1 Nxe3 16. fxe3 Qe7 17. b4 O-O 18. a5 Bg4 19. Rf1 Rc8 20. Rd2 Kg7 21. Qd3 f5 22. dxe5 fxe4 23. exd6 exd3 24. dxe7 Bxe7 25. Rxd3 Bxb4 26. Rd4 Bxc3 27. Rxg4 h5 28. Rg5 Kh6 29. Bc4 Rxf3 30. Rxg6+ Kxg6 31. Rxf3 Bxa5 32. Rf7 Rb8 33. Rd7 Bc3 34. e4 h4 35. Kf2 Be5 36. Re7 Bg3+ 37. Ke3 a5 38. e5 a4 39. Bf7+ Kf5 40. Ba2 Bxe5 41. Rf7+ Kg5 42. Ke4 Bf6 43. Rc7 Kg4 44. Rf7 Bb2 45. Rf3 Re8+ 46. Kd3 b5 47. c3 c5 0-1

[Event "Chessemy Open 2022"]
[Site "Reinstorf"]
[Date "2022.02.03"]
[Round "6.28"]
[White "Kaeding, Rainer"]
[Black "Schwarz, Jochen"]
[Result "1-0"]
[WhiteElo "2095"]
[BlackElo "1905"]
[Annotator "TA"]
[PlyCount "49"]
[EventDate "2022.01.29"]
[EventType "swiss"]
[EventCountry "GER"]
[SourceTitle "playchess.com"]
[Source "ChessBase"]
[SourceQuality "1"]

1. d4 d5 2. Nf3 Nf6 3. c4 e6 4. e3 c5 5. cxd5 exd5 6. Bb5+ Nc6 7. O-O Bd6 8. dxc5 Bxc5 9. Nc3 O-O 10. b3 Bg4 11. Bb2 a6 12. Bxc6 bxc6 13. h3 Bh5 14. Ne2 Bxf3 15. gxf3 Nh5 16. Rc1 Bd6 17. f4 Qh4 18. Kg2 Rac8 19. Qd4 f6 20. Rxc6 Rxc6 21. Qxd5+ Kh8 22. Qxc6 Bb8 23. Qf3 g5 24. Qg4 Qxg4+ 25. hxg4 1-0

[Event "Chessemy Open 2022"]
[Site "Reinstorf"]
[Date "2022.02.03"]
[Round "6.29"]
[White "Monninger, Moritz"]
[Black "Kreusch, Frank"]
[Result "1-0"]
[WhiteElo "2064"]
[BlackElo "1789"]
[Annotator "TA"]
[PlyCount "141"]
[EventDate "2022.01.29"]
[EventType "swiss"]
[EventCountry "GER"]
[SourceTitle "playchess.com"]
[Source "ChessBase"]
[SourceQuality "1"]

1. d4 Nf6 2. Bg5 e6 3. Nd2 Be7 4. e3 c5 5. c3 cxd4 6. exd4 Nc6 7. Bd3 Nd5 8. Bxe7 Ncxe7 9. Qf3 Qc7 10. Ne2 Ng6 11. O-O Ndf4 12. Nxf4 Qxf4 13. Qxf4 Nxf4 14. Be4 Rb8 15. g3 Nh5 16. a4 Nf6 17. Bg2 h5 18. h4 d5 19. Rfe1 Bd7 20. Bf1 a6 21. a5 Rc8 22. Bd3 g6 23. Nb3 Bc6 24. Nc5 O-O 25. Kg2 Kg7 26. Ra3 Nd7 27. Nxd7 Bxd7 28. Rb3 Rc7 29. Rb6 Ra8 30. f3 Bc6 31. Kf2 Re8 32. Rg1 Rh8 33. Ke3 Kf6 34. Kd2 Re8 35. Re1 Kg7 36. Re2 Kf6 37. Rg2 Rh8 38. Rg1 Rcc8 39. Rb3 Rc7 40. Ra3 Re7 41. Raa1 Ree8 42. Rae1 Reg8 43. Re5 Rh6 44. Ke3 Ke7 45. Kf2 Kd6 46. Rh1 Rgh8 47. Ree1 Bd7 48. Ke3 Ke7 49. Kd2 Kd6 50. Rb1 Ra8 51. b3 Rhh8 52. Be2 Bc6 53. Rbg1 Rae8 54. Bd3 Rh6 55. Rc1 Rhh8 56. Ra1 Ra8 57. Rhc1 Rhc8 58. Ke3 Ke7 59. c4 Kf6 60. Rc3 Bd7 61. Rac1 Rab8 62. cxd5 exd5 63. Rxc8 Rxc8 64. Rxc8 Bxc8 65. Kf4 Bd7 66. g4 Bb5 67. Bxb5 axb5 68. gxh5 gxh5 69. b4 Ke6 70. Kg5 f5 71. f4 1-0

[Event "Chessemy Open 2022"]
[Site "Reinstorf"]
[Date "2022.02.03"]
[Round "6.30"]
[White "Labruyere, Roger"]
[Black "Semling, Johannes"]
[Result "1-0"]
[WhiteElo "2024"]
[BlackElo "1765"]
[Annotator "TA"]
[PlyCount "61"]
[EventDate "2022.01.29"]
[EventType "swiss"]
[EventCountry "GER"]
[SourceTitle "playchess.com"]
[Source "ChessBase"]
[SourceQuality "1"]

1. d4 d5 2. Nf3 e6 3. g3 Nf6 4. Bg2 Be7 5. O-O O-O 6. c4 c6 7. Nc3 b6 8. Ne5 Bb7 9. Bf4 Nbd7 10. Qa4 Nxe5 11. dxe5 Nd7 12. h4 Qc7 13. cxd5 exd5 14. e6 Ne5 15. exf7+ Rxf7 16. e4 dxe4 17. Qxe4 Bf6 18. Rfe1 Re8 19. Re2 Rfe7 20. Rae1 Qd7 21. Bg5 Bxg5 22. hxg5 Ng6 23. Qc4+ Kh8 24. Rxe7 Rxe7 25. Rxe7 Nxe7 26. Qf7 c5 27. Bxb7 Qxb7 28. Ne4 Qc7 29. Qf8+ Ng8 30. Nd6 h6 31. g6 1-0

[Event "Chessemy Open 2022"]
[Site "Reinstorf"]
[Date "2022.02.03"]
[Round "6.31"]
[White "Ponomarev, Maximilian"]
[Black "Buchinger, Alexis"]
[Result "1-0"]
[WhiteElo "2003"]
[BlackElo "1509"]
[Annotator "TA"]
[PlyCount "63"]
[EventDate "2022.01.29"]
[EventType "swiss"]
[EventCountry "GER"]
[SourceTitle "playchess.com"]
[Source "ChessBase"]
[SourceQuality "1"]

1. e4 d5 2. exd5 Qxd5 3. Nf3 Nf6 4. d4 Bg4 5. Be2 Nc6 6. h3 Bxf3 7. Bxf3 Qe6+ 8. Be2 Qe4 9. O-O Qxd4 10. Bd3 O-O-O 11. Qe2 Qe5 12. Qf3 Nb4 13. Nc3 Nxd3 14. cxd3 Nd5 15. Qxf7 Qf6 16. Qh5 Nxc3 17. bxc3 Rxd3 18. Be3 a6 19. Rad1 Rxd1 20. Rxd1 Qg6 21. Qc5 e5 22. Qa7 Bd6 23. Qa8+ Kd7 24. Qxh8 e4 25. Qg8 Qh5 26. Qxg7+ Kc6 27. Qd4 b5 28. Qxe4+ Kd7 29. Qg4+ Qxg4 30. hxg4 Kc6 31. Kf1 a5 32. Ke2 1-0

[Event "Chessemy Open 2022"]
[Site "Reinstorf"]
[Date "2022.02.03"]
[Round "6.32"]
[White "Lau, Felix"]
[Black "Rick, Uwe"]
[Result "1-0"]
[WhiteElo "1927"]
[BlackElo "2107"]
[Annotator "TA"]
[PlyCount "49"]
[EventDate "2022.01.29"]
[EventType "swiss"]
[EventCountry "GER"]
[SourceTitle "playchess.com"]
[Source "ChessBase"]
[SourceQuality "1"]

1. e4 c5 2. Be2 Nc6 3. d3 Nf6 4. f4 d6 5. Nf3 g6 6. O-O Bg7 7. c3 O-O 8. Qe1 c4 9. Kh1 cxd3 10. Bxd3 d5 11. e5 Nd7 12. e6 Nc5 13. exf7+ Rxf7 14. Bc2 Bf5 15. Na3 Qd7 16. Ng5 Rff8 17. Qe3 d4 18. cxd4 Nxd4 19. Bxf5 Qxf5 20. Bd2 e5 21. Nh3 Rae8 22. fxe5 Qxf1+ 23. Rxf1 Rxf1+ 24. Ng1 Nd3 25. Qxd3 1-0

[Event "Chessemy Open 2022"]
[Site "Reinstorf"]
[Date "2022.02.03"]
[Round "6.32"]
[White "Hildebrand, Georg"]
[Black "Hilbenz, Guntram"]
[Result "0-1"]
[WhiteElo "1482"]
[BlackElo "1857"]
[Annotator "NA"]
[PlyCount "164"]
[EventDate "2022.01.29"]
[EventType "swiss"]
[EventCountry "GER"]
[SourceTitle "playchess.com"]
[Source "ChessBase"]
[SourceQuality "1"]

1. d4 d5 2. Bf4 Nf6 3. e3 c6 4. Bd3 a6 5. Nd2 g6 6. h3 Bg7 7. c3 Bf5 8. Bxf5 gxf5 9. f3 Nbd7 10. Qc2 e6 11. O-O-O h5 12. Ne2 Qa5 13. Kb1 O-O-O 14. Nb3 Qa4 15. Nec1 b6 16. Nd3 Ne8 17. Nb4 Kb7 18. Nc5+ Nxc5 19. dxc5 Qxc2+ 20. Nxc2 bxc5 21. Bh2 e5 22. Bg1 Nc7 23. e4 dxe4 24. Bxc5 exf3 25. gxf3 Ne6 26. Bf2 Bh6 27. Bh4 Rxd1+ 28. Rxd1 Kc7 29. Bf6 Bg7 30. Bxg7 Nxg7 31. Nb4 a5 32. Nc2 f4 33. Na3 Rd8 34. Rxd8 Kxd8 35. Nc4 f6 36. Nxa5 Kd7 37. Nc4 Ne6 38. h4 Ng7 39. Nd2 f5 40. Kc1 Ne8 41. Kd1 Nd6 42. b3 e4 43. Ke2 e3 44. Nb1 Nf7 45. Na3 Ne5 46. Nc2 Ng6 47. Nxe3 fxe3 48. Kxe3 Kc7 49. b4 Kb6 50. a4 Kb7 51. a5 Ka6 52. c4 Kb7 53. b5 c5 54. Kf2 Nxh4 55. Kg3 Ng6 56. Kh3 h4 57. Kg2 Nf4+ 58. Kh2 Ka7 59. Kh1 Ng6 60. Kh2 Ne5 61. f4 Nxc4 62. b6+ Kb7 63. Kh3 Nxa5 64. Kxh4 Nc4 65. Kg3 Kxb6 66. Kf3 Kb5 67. Ke2 Nb2 68. Kd2 Kc4 69. Kc2 Nd3 70. Kd2 Nxf4 71. Kc2 Nd5 72. Kd2 Kd4 73. Ke2 c4 74. Kd2 c3+ 75. Kc2 f4 76. Kd1 Kd3 77. Kc1 c2 78. Kb2 Kd2 79. Kb3 c1=Q 80. Ka4 Qc4+ 81. Ka5 Qb4+ 82. Ka6 Qb6# 0-1

[Event "Chessemy Open 2022"]
[Site "Reinstorf"]
[Date "2022.02.03"]
[Round "6.33"]
[White "Pellicoro, Nathalie"]
[Black "Kardoeus, David"]
[Result "1/2-1/2"]
[WhiteElo "1835"]
[BlackElo "2169"]
[Annotator "TA"]
[PlyCount "132"]
[EventDate "2022.01.29"]
[EventType "swiss"]
[EventCountry "GER"]
[SourceTitle "playchess.com"]
[Source "ChessBase"]
[SourceQuality "1"]

1. e4 c6 2. d4 d5 3. e5 Bf5 4. h4 h5 5. Bd3 Bxd3 6. Qxd3 e6 7. Nf3 Qa5+ 8. Bd2 Qa6 9. Qe3 Nh6 10. Nc3 Nf5 11. Qe2 f6 12. O-O-O Qxe2 13. Nxe2 Na6 14. g3 c5 15. Rhe1 Kf7 16. Kb1 cxd4 17. Nexd4 Nxd4 18. Nxd4 Bc5 19. Bc3 f5 20. f3 Rac8 21. Nb5 Nc7 22. Nxc7 Rxc7 23. Bd4 Rhc8 24. c3 b5 25. Bxc5 Rxc5 26. Rd4 Rc4 27. f4 Ke7 28. Red1 R4c5 29. a4 R8c7 30. Kc2 a6 31. R1d3 Rc4 32. b3 Rxd4 33. Rxd4 Kd7 34. a5 Rb7 35. b4 Rb8 36. Kd2 Ke7 37. Ke3 Kf7 38. Kd2 Rc8 39. Kd3 Rh8 40. Ke3 Ke7 41. Kd3 Rh6 42. Ke3 Kd7 43. Kf3 Ke7 44. Kf2 Rg6 45. Kf3 Rg4 46. Rd2 g5 47. hxg5 h4 48. gxh4 Rxh4 49. Rg2 Kf7 50. Kg3 Rh8 51. Rd2 Rc8 52. Rd3 Rc4 53. Rf3 Kg6 54. Rd3 Kh5 55. Rf3 Re4 56. Rf2 Re3+ 57. Rf3 Re4 58. Rf2 Kg6 59. Rf3 Re2 60. Rd3 Rb2 61. Rf3 Rd2 62. Rf2 Rd1 63. Rh2 Rd3+ 64. Kf2 Rd2+ 65. Kg3 Rd3+ 66. Kf2 Rd2+ 1/2-1/2

[Event "Chessemy Open 2022"]
[Site "Reinstorf"]
[Date "2022.02.03"]
[Round "6.34"]
[White "Zimmermann, Luc"]
[Black "Klaska, Philipp Leon"]
[Result "1/2-1/2"]
[WhiteElo "2120"]
[BlackElo "1831"]
[Annotator "TA"]
[PlyCount "45"]
[EventDate "2022.01.29"]
[EventType "swiss"]
[EventCountry "GER"]
[SourceTitle "playchess.com"]
[Source "ChessBase"]
[SourceQuality "1"]

1. e4 e6 2. d4 d5 3. Nd2 c5 4. exd5 exd5 5. Ngf3 Nf6 6. Bb5+ Nc6 7. O-O a6 8. Bxc6+ bxc6 9. Re1+ Be6 10. Ng5 cxd4 11. Ndf3 c5 12. Nxe6 fxe6 13. Ng5 Qd7 14. Nxe6 Kf7 15. b4 Re8 16. Ng5+ Kg8 17. Rxe8 Qxe8 18. Bb2 h6 19. Nf3 Qb5 20. Rb1 cxb4 21. Bxd4 Ne4 22. Ne5 Bc5 23. Qg4 1/2-1/2

[Event "Chessemy Open 2022"]
[Site "Reinstorf"]
[Date "2022.02.03"]
[Round "6.35"]
[White "Pohle, Saskia"]
[Black "Wolf, Andre"]
[Result "0-1"]
[WhiteElo "1824"]
[BlackElo "2121"]
[Annotator "TA"]
[PlyCount "70"]
[EventDate "2022.01.29"]
[EventType "swiss"]
[EventCountry "GER"]
[SourceTitle "playchess.com"]
[Source "ChessBase"]
[SourceQuality "1"]

1. e4 Nf6 2. e5 Nd5 3. c4 Nb6 4. d4 d6 5. exd6 cxd6 6. Nf3 g6 7. Nc3 Bg7 8. h3 O-O 9. Be2 e5 10. O-O Be6 11. d5 Bc8 12. Qc2 h6 13. Rb1 a5 14. a3 Na6 15. b4 axb4 16. axb4 Bf5 17. Bd3 Bxd3 18. Qxd3 Rc8 19. Nd2 f5 20. f3 Qf6 21. Nb5 Rfd8 22. Qb3 Kh7 23. Bb2 Nc7 24. Nc3 Qh4 25. Ne2 Nd7 26. Rbc1 b6 27. f4 Qe7 28. Nf3 b5 29. fxe5 bxc4 30. Rxc4 Nb6 31. exd6 Rxd6 32. Rc2 Ncxd5 33. Rxc8 Nxc8 34. Nc3 Bxc3 35. Bxc3 Qe3+ 0-1

[Event "Chessemy Open 2022"]
[Site "Reinstorf"]
[Date "2022.02.03"]
[Round "6.36"]
[White "Sommer, Justus"]
[Black "Pfau, Beate"]
[Result "1/2-1/2"]
[WhiteElo "1821"]
[BlackElo "2034"]
[Annotator "TA"]
[PlyCount "90"]
[EventDate "2022.01.29"]
[EventType "swiss"]
[EventCountry "GER"]
[SourceTitle "playchess.com"]
[Source "ChessBase"]
[SourceQuality "1"]

1. e4 g6 2. d4 Bg7 3. Nc3 d6 4. Be3 a6 5. a4 Nf6 6. f3 Nbd7 7. Qd2 h6 8. h4 e5 9. Bc4 Qe7 10. d5 c6 11. Nge2 c5 12. a5 b6 13. axb6 Nxb6 14. Bb5+ axb5 15. Rxa8 Nxa8 16. Nxb5 Nc7 17. Nec3 Nxb5 18. Nxb5 Ba6 19. Qa5 Bxb5 20. Qxb5+ Qd7 21. Qb6 O-O 22. O-O Ra8 23. c4 Bf8 24. Bxc5 Rc8 25. Be3 Rxc4 26. Ra1 Ne8 27. Ra8 Rc8 28. Ra7 Qd8 29. Qb7 Rc7 30. Ra8 Qxh4 31. Qb4 Re7 32. Bd2 g5 33. Qa3 g4 34. b4 g3 35. Be3 Qh2+ 36. Kf1 Qh1+ 37. Bg1 Qh5 38. b5 f5 39. Qe3 fxe4 40. Qxe4 Nf6 41. Qb4 Qf7 42. Qxd6 Nxd5 43. Bc5 Nc7 44. Rxf8+ Kxf8 45. Qxc7 Qc4+ 1/2-1/2

[Event "Chessemy Open 2022"]
[Site "Reinstorf"]
[Date "2022.02.03"]
[Round "6.37"]
[White "Hipler, Andreas"]
[Black "Anderberg, Peter"]
[Result "1/2-1/2"]
[WhiteElo "1803"]
[BlackElo "2003"]
[Annotator "TA"]
[PlyCount "20"]
[EventDate "2022.01.29"]
[EventType "swiss"]
[EventCountry "GER"]
[SourceTitle "playchess.com"]
[Source "ChessBase"]
[SourceQuality "1"]

1. d4 d5 2. Nf3 Nc6 3. g3 Bg4 4. Bg2 e6 5. O-O Nf6 6. c4 Bxf3 7. Bxf3 Qd7 8. cxd5 exd5 9. Nc3 h6 10. e3 Bb4 1/2-1/2

[Event "Chessemy Open 2022"]
[Site "Reinstorf"]
[Date "2022.02.03"]
[Round "6.38"]
[White "Zhou, Lepu Coco"]
[Black "Schmidt, Theo"]
[Result "1/2-1/2"]
[WhiteElo "1819"]
[BlackElo "1997"]
[Annotator "ChessBase"]
[PlyCount "69"]
[EventDate "2022.01.29"]
[EventType "swiss"]
[EventCountry "GER"]
[SourceTitle "playchess.com"]
[Source "ChessBase"]
[SourceQuality "1"]

1. e4 c5 2. Nf3 d6 3. Bb5+ Nd7 4. Ba4 g6 5. c4 Bg7 6. O-O e5 7. Nc3 Ne7 8. d3 O-O 9. Bxd7 Bxd7 10. Ne1 a6 11. f4 f6 12. fxe5 fxe5 13. Nc2 Nc6 14. Nd5 Be6 15. Rxf8+ Bxf8 16. Qf3 Bg7 17. Bd2 b5 18. Rf1 Ra7 19. Qg3 Bxd5 20. exd5 Ne7 21. Bg5 Qe8 22. Ne3 Kh8 23. Qh3 Ng8 24. Qe6 Qd7 25. Bh4 Nh6 26. b3 Nf7 27. Bf6 Bxf6 28. Qxf6+ Kg8 29. Rf3 Qe7 30. Ng4 Qxf6 31. Nxf6+ Kg7 32. Ne8+ Kg8 33. Nf6+ Kg7 34. Ne8+ Kg8 35. Nf6+ 1/2-1/2

[Event "Chessemy Open 2022"]
[Site "Reinstorf"]
[Date "2022.02.03"]
[Round "6.40"]
[White "Launert, Martin"]
[Black "Tiede, Andreas"]
[Result "1-0"]
[WhiteElo "1790"]
[BlackElo "1982"]
[Annotator "ChessBase"]
[PlyCount "133"]
[EventDate "2022.01.29"]
[EventType "swiss"]
[EventCountry "GER"]
[SourceTitle "playchess.com"]
[Source "ChessBase"]
[SourceQuality "1"]

1. e4 c5 2. Nf3 Nc6 3. d4 cxd4 4. Nxd4 g6 5. Nc3 Bg7 6. Be3 Nf6 7. Bc4 Qa5 8. O-O d6 9. f3 O-O 10. Nd5 Re8 11. Bb3 Bd7 12. Nxf6+ Bxf6 13. c3 Rad8 14. Qd2 e6 15. Qf2 Ne5 16. Rfd1 b6 17. h3 Nc6 18. Rd2 Nxd4 19. Bxd4 Be7 20. Rad1 Bc6 21. Be3 d5 22. exd5 Bxd5 23. Bxd5 Rxd5 24. Rxd5 exd5 25. a3 Qb5 26. Rd2 Bd6 27. Qe2 Qb3 28. Rd3 Qc4 29. Qd2 Rxe3 30. Qxe3 Bc5 31. Rd4 Bxd4 32. cxd4 Qb5 33. b3 a5 34. Kf2 Qc6 35. a4 Qc2+ 36. Kg3 Qf5 37. Qe5 Qxe5+ 38. dxe5 Kf8 39. Kf4 h6 40. Ke3 Ke7 41. f4 h5 42. g4 Ke6 43. Kd4 h4 44. Kd3 g5 45. Ke3 gxf4+ 46. Kxf4 d4 47. Ke4 d3 48. Kxd3 Kxe5 49. Ke3 Kd5 50. Kf4 Kc5 51. Kf5 Kb4 52. Kf6 Kxb3 53. Kxf7 Kxa4 54. g5 b5 55. g6 b4 56. g7 b3 57. g8=Q b2 58. Qg6 Kb3 59. Qd3+ Kb4 60. Qc2 Ka3 61. Kf6 a4 62. Qb1 Kb3 63. Ke5 a3 64. Kd4 a2 65. Qd3+ Ka4 66. Qc4+ Ka3 67. Qc3+ 1-0

[Event "Chessemy Open 2022"]
[Site "Reinstorf"]
[Date "2022.02.03"]
[Round "6.41"]
[White "Poschadel, Andreas Gregor"]
[Black "Milovs, Daniels"]
[Result "1/2-1/2"]
[WhiteElo "1981"]
[BlackElo "1842"]
[Annotator "ChessBase"]
[PlyCount "90"]
[EventDate "2022.01.29"]
[EventType "swiss"]
[EventCountry "GER"]
[SourceTitle "playchess.com"]
[Source "ChessBase"]
[SourceQuality "1"]

1. e4 e6 2. d4 d5 3. Nc3 Nf6 4. Bg5 Bb4 5. e5 h6 6. Bd2 Bxc3 7. bxc3 Ne4 8. Bd3 Nxd2 9. Qxd2 c5 10. Nf3 b6 11. O-O Ba6 12. Bxa6 Nxa6 13. Ne1 Rc8 14. f4 g6 15. Rf3 h5 16. Rg3 cxd4 17. cxd4 Nb8 18. Rc1 Nc6 19. c4 Na5 20. cxd5 Rxc1 21. Qxc1 Qxd5 22. Nf3 Kd7 23. Ng5 Qxd4+ 24. Kh1 Rc8 25. Qf1 Ke7 26. h3 Rc2 27. Rd3 Qc4 28. Qf3 Qc5 29. Ne4 Rc1+ 30. Rd1 Rxd1+ 31. Qxd1 Qd5 32. Qe1 Qd4 33. Qh4+ Kd7 34. Nd6 Qa1+ 35. Kh2 Qxa2 36. Qf6 Qd5 37. Qxf7+ Kc6 38. Qxa7 Qd4 39. Qf7 Kd5 40. Nc8 Nc4 41. Ne7+ Kc5 42. Qf8 Qf2 43. Nxg6+ Kb5 44. Qe8+ Kb4 45. Qxe6 Nd2 1/2-1/2

[Event "Chessemy Open 2022"]
[Site "Reinstorf"]
[Date "2022.02.03"]
[Round "6.42"]
[White "Cordsen, Heinrich"]
[Black "Riering, Berthold"]
[Result "0-1"]
[WhiteElo "1685"]
[BlackElo "1971"]
[Annotator "ChessBase"]
[PlyCount "140"]
[EventDate "2022.01.29"]
[EventType "swiss"]
[EventCountry "GER"]
[SourceTitle "playchess.com"]
[Source "ChessBase"]
[SourceQuality "1"]

1. e4 c6 2. d4 d5 3. Nd2 dxe4 4. Nxe4 Nf6 5. Nxf6+ exf6 6. Nf3 Bd6 7. Be2 O-O 8. O-O Bg4 9. h3 Bh5 10. c4 Nd7 11. Nh4 Bxe2 12. Qxe2 Re8 13. Qd3 Nf8 14. Be3 g6 15. Nf3 Ne6 16. Rad1 Qa5 17. d5 Nc5 18. Bxc5 Bxc5 19. dxc6 bxc6 20. a3 Rad8 21. Qc2 Qc7 22. Rxd8 Qxd8 23. b4 Bf8 24. c5 a5 25. Rd1 Qc7 26. Qd2 axb4 27. axb4 Rb8 28. Qd4 Bg7 29. Ne1 Qb7 30. Nc2 f5 31. Qd7 Bc3 32. Qxb7 Rxb7 33. Rd6 Rc7 34. Kf1 Be5 35. Rd8+ Kg7 36. Ke2 Kf6 37. Kd3 Ke6 38. Kc4 Ke7 39. Ra8 Rd7 40. b5 cxb5+ 41. Kxb5 Rd2 42. Nb4 Rxf2 43. Nc6+ Kf6 44. Nxe5 Kxe5 45. Kb6 Rxg2 46. Ra5 Rb2+ 47. Kc7 f4 48. c6+ Kd4 49. Kd6 Rc2 50. Rd5+ Ke4 51. Re5+ Kd4 52. Rd5+ Ke3 53. Re5+ Kf2 54. Rc5 Ra2 55. c7 Ra8 56. Kd7 Ra7 57. Kd8 Ra8+ 58. Kd7 f3 59. Rb5 Ra7 60. Kd8 Rxc7 61. Kxc7 Kg2 62. h4 f2 63. Rb2 Kg1 64. Rb1+ f1=Q 65. Rxf1+ Kxf1 66. Kd6 f5 67. Ke5 Kg2 68. Kf4 Kh3 69. h5 Kh4 70. h6 Kh5 0-1

[Event "Chessemy Open 2022"]
[Site "Reinstorf"]
[Date "2022.02.03"]
[Round "6.43"]
[White "Schell, Franz Juergen"]
[Black "Sistig, Max"]
[Result "1/2-1/2"]
[WhiteElo "1969"]
[BlackElo "1846"]
[Annotator "ChessBase"]
[PlyCount "63"]
[EventDate "2022.01.29"]
[EventType "swiss"]
[EventCountry "GER"]
[SourceTitle "playchess.com"]
[Source "ChessBase"]
[SourceQuality "1"]

1. e4 c5 2. Nf3 Nc6 3. d4 cxd4 4. Nxd4 Nf6 5. Nc3 e5 6. Ndb5 d6 7. Nd5 Nxd5 8. exd5 Nb8 9. c4 Be7 10. Be2 O-O 11. O-O a6 12. Nc3 f5 13. f4 Bf6 14. Kh1 Nd7 15. Qc2 g6 16. Be3 exf4 17. Bxf4 Be5 18. Rad1 Qh4 19. Qd2 g5 20. g3 Bxf4 21. Rxf4 Qh6 22. Rf2 Ne5 23. Qd4 Bd7 24. c5 Rac8 25. cxd6 Qxd6 26. Rdf1 b5 27. a3 h6 28. Bd3 Nxd3 29. Qxd3 a5 30. Nxb5 Bxb5 31. Qxb5 Rc5 32. Qb3 1/2-1/2

[Event "Chessemy Open 2022"]
[Site "Reinstorf"]
[Date "2022.02.03"]
[Round "6.44"]
[White "Wagner, Frank"]
[Black "Zschiesing, Falk"]
[Result "0-1"]
[WhiteElo "1948"]
[BlackElo "1961"]
[Annotator "ChessBase"]
[PlyCount "54"]
[EventDate "2022.01.29"]
[EventType "swiss"]
[EventCountry "GER"]
[SourceTitle "playchess.com"]
[Source "ChessBase"]
[SourceQuality "1"]

1. Nf3 Nf6 2. d4 d5 3. Bf4 c5 4. e3 Nc6 5. c3 Qb6 6. Qb3 c4 7. Qc2 Bf5 8. Qc1 Nh5 9. Be2 e6 10. Ne5 Nxf4 11. exf4 h5 12. Nd2 Qa6 13. O-O f6 14. Nef3 h4 15. Re1 Bd6 16. g3 hxg3 17. fxg3 O-O-O 18. Nh4 Rxh4 19. gxh4 Bxf4 20. Qd1 Qb6 21. Bg4 Nxd4 22. Kh1 Nc2 23. Bxf5 Nxe1 24. Qxe1 exf5 25. b4 d4 26. Nf3 Qc6 27. Qf2 Be3 0-1

[Event "Chessemy Open 2022"]
[Site "Reinstorf"]
[Date "2022.02.03"]
[Round "6.45"]
[White "Chitsazian, Daniel"]
[Black "Limbach, Torsten"]
[Result "1-0"]
[WhiteElo "1594"]
[BlackElo "1963"]
[Annotator "ChessBase"]
[PlyCount "103"]
[EventDate "2022.01.29"]
[EventType "swiss"]
[EventCountry "GER"]
[SourceTitle "playchess.com"]
[Source "ChessBase"]
[SourceQuality "1"]

1. c4 e5 2. Nc3 Nf6 3. g3 d5 4. cxd5 Nxd5 5. Bg2 Nb6 6. Nf3 Nc6 7. O-O Be7 8. a3 a5 9. d3 O-O 10. Be3 Be6 11. Na4 Nd5 12. Bc5 b5 13. Bxe7 Qxe7 14. Rc1 bxa4 15. Rxc6 Bd7 16. Rc1 Rab8 17. Nd2 Qe6 18. Rc5 Nf6 19. Nc4 Rb5 20. Rxc7 Rb3 21. Qc2 Nd5 22. Rc5 Nb6 23. Nxa5 Rb5 24. Rxb5 Bxb5 25. Rc1 h5 26. h4 Kh8 27. Qc5 Rc8 28. Qe3 Rxc1+ 29. Qxc1 Nd7 30. Qc3 Nb6 31. Nc6 f6 32. Qb4 Bxc6 33. Qxb6 Bd7 34. Qxe6 Bxe6 35. Bc6 Bb3 36. Kf1 Kh7 37. Ke1 Kg6 38. Kd2 Kf7 39. Kc3 g5 40. Kb4 Ke6 41. Bxa4 Bd5 42. Bb3 Bxb3 43. Kxb3 gxh4 44. gxh4 Kf5 45. a4 Kg4 46. a5 Kxh4 47. a6 Kh3 48. a7 h4 49. a8=Q Kg4 50. Kc4 h3 51. Qf3+ Kh4 52. Qxf6+ 1-0

[Event "Chessemy Open 2022"]
[Site "Reinstorf"]
[Date "2022.02.03"]
[Round "6.46"]
[White "Milde, Lars"]
[Black "Klemm, Robert"]
[Result "0-1"]
[WhiteElo "1926"]
[BlackElo "1793"]
[Annotator "ChessBase"]
[PlyCount "34"]
[EventDate "2022.01.29"]
[EventType "swiss"]
[EventCountry "GER"]
[SourceTitle "playchess.com"]
[Source "ChessBase"]
[SourceQuality "1"]

1. e4 g6 2. d4 Bg7 3. Nc3 d6 4. Be3 c6 5. Qd2 b5 6. a4 Qa5 7. b4 Qxb4 8. axb5 c5 9. Ra4 Qb2 10. Nd1 Qb1 11. dxc5 dxc5 12. Qd5 Bc3+ 13. Bd2 Nf6 14. Qxa8 Bxd2+ 15. Kxd2 O-O 16. Nc3 Qxf1 17. Nb1 Qxb1 0-1

[Event "Chessemy Open 2022"]
[Site "Reinstorf"]
[Date "2022.02.03"]
[Round "6.47"]
[White "Hartmann, Wolfgang"]
[Black "Linnemann, Caspar"]
[Result "1-0"]
[WhiteElo "1917"]
[BlackElo "1754"]
[Annotator "NA"]
[PlyCount "61"]
[EventDate "2022.01.29"]
[EventType "swiss"]
[EventCountry "GER"]
[SourceTitle "playchess.com"]
[Source "ChessBase"]
[SourceQuality "1"]

1. d4 Nf6 2. Bf4 g6 3. Nc3 d6 4. e4 Bg7 5. Qd2 Nbd7 6. O-O-O O-O 7. f3 Re8 8. Bh6 e5 9. Bxg7 Kxg7 10. Nge2 a6 11. h4 b5 12. h5 Rh8 13. h6+ Kf8 14. Qg5 Bb7 15. dxe5 dxe5 16. Kb1 Qe7 17. Nc1 Ne8 18. Qe3 Nd6 19. Nb3 Qe6 20. Be2 Ke7 21. Na5 Rhe8 22. Rxd6 Qxd6 23. Nxb7 Qc6 24. Na5 Qe6 25. Nd5+ Kd8 26. Rd1 Kc8 27. Qc3 Ra7 28. Nc6 Rb7 29. Na5 Ra7 30. a4 c6 31. Nxc6 1-0

[Event "Chessemy Open 2022"]
[Site "Reinstorf"]
[Date "2022.02.03"]
[Round "6.48"]
[White "Schulze, Tim"]
[Black "Marcinczyk, Monika"]
[Result "0-1"]
[WhiteElo "1578"]
[BlackElo "2020"]
[Annotator "TA"]
[PlyCount "87"]
[EventDate "2022.01.29"]
[EventType "swiss"]
[EventCountry "GER"]
[SourceTitle "playchess.com"]
[Source "ChessBase"]
[SourceQuality "1"]

1. d4 Nf6 2. c4 e6 3. Nf3 Bb4+ 4. Nbd2 b6 5. a3 Be7 6. e4 d5 7. e5 Nfd7 8. cxd5 exd5 9. Bd3 Ba6 10. Bc2 O-O 11. h4 h6 12. Ng5 Bxg5 13. hxg5 Qxg5 14. Qf3 Nc6 15. Nb3 Nxd4 16. Bxg5 Nxf3+ 17. gxf3 Nxe5 18. O-O-O Rfe8 19. Be3 Rad8 20. Rh3 Nc4 21. Bf4 c5 22. Nd2 Ne5 23. Rg1 Kf8 24. Rh5 Nd3+ 25. Bxd3 Bxd3 26. Re5 f6 27. Re3 Rxe3 28. fxe3 Re8 29. Re1 g5 30. Bd6+ Kf7 31. e4 f5 32. e5 f4 33. Rh1 Kg6 34. b4 c4 35. Ne4 Bxe4 36. Kd2 d4 37. fxe4 h5 38. Ke1 c3 39. b5 g4 40. Rh3 g3 41. Rxg3+ Kh7 42. a4 d3 43. Bb4 d2+ 44. Kd1 0-1